Shadows of war: (Record no. 10255)

MARC details
000 -LEADER
fixed length control field 00589nam a2200181 4500
001 - CONTROL NUMBER
control field 6321
005 - DATE AND TIME OF LATEST TRANSACTION
control field 20250523143211.0
008 - FIXED-LENGTH DATA ELEMENTS--GENERAL INFORMATION
fixed length control field 250523b |||||||| |||| 00| 0 eng d
020 ## - INTERNATIONAL STANDARD BOOK NUMBER
International Standard Book Number 9780520242418
100 1# - MAIN ENTRY--PERSONAL NAME
Personal name Nordstrom,Carolyn,
245 14 - TITLE STATEMENT
Title Shadows of war:
Statement of responsibility, etc. Nordstrom,Carolyn
Remainder of title violence,power and international profiteering in the twenty-first century.
264 ## - PRODUCTION, PUBLICATION, DISTRIBUTION, MANUFACTURE, AND COPYRIGHT NOTICE
Place of production, publication, distribution, manufacture London :
Name of producer, publisher, distributor, manufacturer University of california Press,
Date of production, publication, distribution, manufacture, or copyright notice 1997.
300 ## - PHYSICAL DESCRIPTION
Extent 293 pages ;
Dimensions 20 cm
336 ## - CONTENT TYPE
Content type term text
Content type code txt
Source rdacontent
337 ## - MEDIA TYPE
Media type term unmediated
Media type code n
Source rdamedia
338 ## - CARRIER TYPE
Carrier type term volume
Carrier type code nc
Source rdacarrier
942 ## - ADDED ENTRY ELEMENTS (KOHA)
Source of classification or shelving scheme Dewey Decimal Classification
Koha item type Main
Holdings
Withdrawn status Lost status Source of classification or shelving scheme Damaged status Not for loan Home library Current library Shelving location Date acquired Inventory number Total Checkouts Full call number Barcode Date last seen Price effective from Koha item type Public note
    Dewey Decimal Classification     RTC Library RTC Library Main opac 23/05/2025 19334   303.6 NOR 30020552 23/05/2025 23/05/2025 Main Donated by Dr.Dolma
Royal Thimphu College || All Right Reserved